Antimemorias

Tallennettuna:
Bibliografiset tiedot
Päätekijä: Malraux, André (autor)
Aineistotyyppi: Kirja
Kieli:espanja
Julkaistu: Buenos Aires Sur 1969
Painos:4a. ed
Aiheet:
Tagit: Lisää tagi
Ei tageja, Lisää ensimmäinen tagi!

MARC

LEADER 00000cam a2200000 a 4500
001 UCE7051
003 CL-VaPUC
008 150520e19690000ag |||||||||||||||||spa|d
082 0 4 |a 928.41  |b MAL  |2 21 
100 |a Malraux, André  |e autor  |9 596789 
245 1 0 |a Antimemorias 
250 |a 4a. ed 
300 |a 571 p 
942 |c BK 
945 |d 20150520 16:51:00  |a dcastane 
260 |a Buenos Aires  |b Sur  |c 1969 
650 7 |a MEMORIAS  |2 CL-VaPUC  |9 269159 
650 0 |a Autobiografías   |9 265171 
650 0 |a Escritores franceses   |9 450149 
583 |a last modification  |c 20150520 16:51:00  |k Rodrigo Vera 
999 |c 359193  |d 359191 
952 |0 0  |1 0  |3 erb  |4 0  |6 928_410000000000000_MAL_1969  |7 0  |8 A  |9 468265  |a BIBEDU  |b BIBEDU  |i 517466K  |o 928.41 MAL 1969  |p 517466K  |r 2019-11-23  |w 2019-11-23  |y BK  |z Catalogado en:20150520  |k LIT